Novel: (Record no. 182066)

000 -LEADER
fixed length control field 00414nam a22001577a 4500
020 ## - INTERNATIONAL STANDARD BOOK NUMBER
ISBN 9788197328251
082 ## - DEWEY DECIMAL CLASSIFICATION NUMBER
Classification number M300 7
Item number SHA/N
100 ## - MAIN ENTRY--AUTHOR NAME
Personal name Shaji Jacob
245 ## - TITLE STATEMENT
Title Novel:
Sub Title kalayum prathyayasasthravum/
Statement of responsibility, etc by Shaji Jacob
260 ## - PUBLICATION, DISTRIBUTION, ETC. (IMPRINT)
Place of publication Kozhikode:
Name of publisher Pavanatma Publishers,
Year of publication 2024.
300 ## - PHYSICAL DESCRIPTION
Number of Pages 510p.
650 ## - SUBJECT ADDED ENTRY--TOPICAL TERM
Topical Term Novel Malayalam Study
650 ## - SUBJECT ADDED ENTRY--TOPICAL TERM
Topical Term Literature Malayalam
650 ## - SUBJECT ADDED ENTRY--TOPICAL TERM
Topical Term Literature
942 ## - ADDED ENTRY ELEMENTS (KOHA)
Koha item type Book
Holdings
Withdrawn status Lost status Damaged status Not for loan Permanent Location Current Location Shelving location Date acquired Cost, normal purchase price Full call number Accession Number Price effective from Koha item type
        Sree Sankaracharya University of Sanskrit Sree Sankaracharya University of Sanskrit Stacks 04.06.2026 990.00 M300 7 SHA/N 109015 04.06.2026 Book